000 00402nam a2200157Ia 4500
008 230917s9999||||xx |||||||||||||| ||und||
020 _cRS30
040 _e23131
_aMAIN
041 _aEnglish
082 _a330.122 J559S
100 _aJha, Shiva Chandra
245 0 _aStudies in the development of capitalism in India
260 _aCalcutta
_bFirma K L
_c1963
300 _aix, 415 p.
942 _cBK
999 _c141491
_d141491